[Event "ROM-ch U10 Girls"]
[Site "Calimanesti"]
[Date "2018.03.31"]
[Round "6"]
[White "Paun, Sara Ionela"]
[Black "Georgescu, Andreea Elena"]
[Result "0-1"]
[WhiteElo "1001"]
[BlackElo "1001"]
[PlyCount "40"]
[EventDate "2018.03.27"]
[EventType "swiss"]
[EventRounds "9"]
[EventCountry "ROU"]
[SourceTitle "CBM 183 Extra"]
[Source "ChessBase"]
[SourceDate "2018.04.19"]
[SourceVersion "1"]
[SourceVersionDate "2018.04.19"]
[SourceQuality "1"]

1. e4 e5 2. Bc4 Nf6 3. Bb5 Bc5 4. Nf3 Nc6 5. Bc4 0-0 6. Bb5 d6 7. Ng5 h6 8. d3 hxg5 9. Bxg5 Qe7 10. 0-0 Qe6 11. Bc4 Qe7 12. Nd2 Be6 13. Nf3 Bxc4 14. Nh4 Be6 15. Qe2 Bg4 16. Qe1 Nd4 17. f3 Nxc2+ 18. d4 Nxe1 19. Raxe1 Bxd4+ 20. Kh1 Be6 0-1

[Event "ROM-ch U10 Girls"]
[Site "Calimanesti"]
[Date "2018.03.29"]
[Round "4"]
[White "Paun, Sara Ionela"]
[Black "Sufan, Dalina Silvana"]
[Result "1/2-1/2"]
[WhiteElo "1001"]
[BlackElo "1001"]
[PlyCount "29"]
[EventDate "2018.03.27"]
[EventType "swiss"]
[EventRounds "9"]
[EventCountry "ROU"]
[SourceTitle "CBM 183 Extra"]
[Source "ChessBase"]
[SourceDate "2018.04.19"]
[SourceVersion "1"]
[SourceVersionDate "2018.04.19"]
[SourceQuality "1"]

1. e4 e5 2. Nf3 Nc6 3. Bc4 Bc5 4. 0-0 Nf6 5. d3 0-0 6. Ng5 h6 7. Nxf7 Qe7 8. Be3 Bb6 9. Bxb6 axb6 10. Nc3 Nd4 11. Nd6+ Kh7 12. Nxc8 Raxc8 13. Nb5 Qb4 14. Bg8+ Kxg8 15. Qc1 1/2-1/2

[Event "ROM-ch U10 Girls"]
[Site "Calimanesti"]
[Date "2018.03.27"]
[Round "1"]
[White "Teclis, Anca Maria"]
[Black "Paun, Sara Ionela"]
[Result "1-0"]
[WhiteElo "1043"]
[BlackElo "1001"]
[PlyCount "65"]
[EventDate "2018.03.27"]
[EventType "swiss"]
[EventRounds "9"]
[EventCountry "ROU"]
[SourceTitle "CBM 183 Extra"]
[Source "ChessBase"]
[SourceDate "2018.04.19"]
[SourceVersion "1"]
[SourceVersionDate "2018.04.19"]
[SourceQuality "1"]

1. d4 e5 2. dxe5 Bc5 3. e3 Bb6 4. Nf3 Qe7 5. Be2 Nc6 6. Nc3 d6 7. exd6 cxd6 8. Nd5 Ba5+ 9. Bd2 Qe6 10. Bxa5 Nxa5 11. Nc7+ Ke7 12. Nxe6 Bxe6 13. 0-0 Bc4 14. Bxc4 Nxc4 15. Rb1 Rc8 16. Re1 d5 17. Qxd5 Nb6 18. Qe5+ Kd7 19. Red1+ Kc6 20. Qxg7 Ne7 21. Qxf7 Rhd8 22. Qxh7 Rh8 23. Qxe7 Rce8 24. Qf6+ Re6 25. Qxe6+ Kc7 26. Qe5+ Kc8 27. Qxh8+ Kc7 28. Qf6 Kb8 29. Qd8+ Nc8 30. Ne5 a6 31. Nd7+ Ka8 32. Qxc8+ Ka7 33. Qb8# 1-0

[Event "ROM-ch U10 Girls"]
[Site "Baile Felix"]
[Date "2017.02.08"]
[Round "8"]
[White "Chira Jurj, Miruna Emilia"]
[Black "Paun, Sara Ionela"]
[Result "1-0"]
[WhiteElo "1001"]
[BlackElo "1001"]
[PlyCount "49"]
[EventDate "2017.02.02"]
[EventType "swiss"]
[EventRounds "9"]
[EventCountry "ROU"]
[SourceTitle "CBM 176 Extra"]
[Source "ChessBase"]
[SourceDate "2017.03.02"]
[SourceVersion "1"]
[SourceVersionDate "2017.03.02"]
[SourceQuality "1"]

1. e4 e5 2. Nf3 Nc6 3. Bb5 a6 4. Ba4 b5 5. Bb3 Bb4 6. c3 Bc5 7. 0-0 Nf6 8. Re1 0-0 9. d4 exd4 10. cxd4 Bb4 11. Bd2 a5 12. d5 Bxd2 13. Qxd2 Nb4 14. e5 Ng4 15. a3 d6 16. exd6 cxd6 17. axb4 Re8 18. bxa5 Rxa5 19. Rxa5 Rxe1+ 20. Qxe1 Kf8 21. Ra8 Qe8 22. Qb4 h6 23. h3 Ne5 24. Qxd6+ Qe7 25. Rxc8# 1-0

[Event "ROM-ch U10 Girls"]
[Site "Baile Felix"]
[Date "2017.02.02"]
[Round "1"]
[White "Paun, Sara Ionela"]
[Black "Bonciu, Sabina"]
[Result "0-1"]
[WhiteElo "1001"]
[BlackElo "1100"]
[PlyCount "62"]
[EventDate "2017.02.02"]
[EventType "swiss"]
[EventRounds "9"]
[EventCountry "ROU"]
[SourceTitle "CBM 176 Extra"]
[Source "ChessBase"]
[SourceDate "2017.03.02"]
[SourceVersion "1"]
[SourceVersionDate "2017.03.02"]
[SourceQuality "1"]

1. e4 e5 2. Bc4 Bc5 3. Nf3 Nc6 4. 0-0 Nf6 5. h3 Nxe4 6. d3 Nf6 7. Bg5 0-0 8. Nc3 d6 9. Be3 Bb6 10. Ng5 d5 11. Bb5 d4 12. Bd2 dxc3 13. bxc3 Bf5 14. Rb1 Qd7 15. Rb4 a6 16. Ba4 Qd6 17. Qf3 Nxb4 18. Bb3 Be6 19. Be1 Bxb3 20. cxb3 Nxd3 21. Kh1 h6 22. Ne4 Nxe4 23. Qxe4 Rfd8 24. Qxb7 Nxe1 25. Rxe1 Bxf2 26. Rf1 Qg6 27. Rxf2 Rd1+ 28. Kh2 Rad8 29. Qxc7 R1d2 30. Rxd2 Rxd2 31. b4 Qxg2# 0-1